Advanced media communication and production / (Record no. 692)
[ view plain ]
| 000 -LEADER | |
|---|---|
| fixed length control field | 00562nam a2200205 4500 |
| 003 - CONTROL NUMBER IDENTIFIER | |
| control field | OSt |
| 005 - DATE AND TIME OF LATEST TRANSACTION | |
| control field | 20141105140619.0 |
| 008 - FIXED-LENGTH DATA ELEMENTS--GENERAL INFORMATION | |
| fixed length control field | 141105b xxu||||| |||| 00| 0 eng d |
| 020 ## - INTERNATIONAL STANDARD BOOK NUMBER | |
| International Standard Book Number | 0435452622 |
| 040 ## - CATALOGING SOURCE | |
| Transcribing agency | 040a |
| 082 ## - DEWEY DECIMAL CLASSIFICATION NUMBER | |
| Classification number | 020 |
| Item number | MOR 1997 |
| 100 ## - MAIN ENTRY--PERSONAL NAME | |
| Personal name | Morrissey, Peter |
| 9 (RLIN) | 1819 |
| 245 ## - TITLE STATEMENT | |
| Title | Advanced media communication and production / |
| Statement of responsibility, etc. | Peter Morrissey, Sue Warr |
| 260 ## - PUBLICATION, DISTRIBUTION, ETC. (IMPRINT) | |
| Place of publication, distribution, etc. | Oxford |
| Name of publisher, distributor, etc. | Heinemann |
| Date of publication, distribution, etc. | 1997 |
| 300 ## - PHYSICAL DESCRIPTION | |
| Extent | x, 630p ; |
| Other physical details | ill : |
| Dimensions | 15 cm. |
| 504 ## - BIBLIOGRAPHY, ETC. NOTE | |
| Bibliography, etc | includes index |
| 650 ## - SUBJECT ADDED ENTRY--TOPICAL TERM | |
| Topical term or geographic name as entry element | communication |
| 9 (RLIN) | 1820 |
| 700 ## - ADDED ENTRY--PERSONAL NAME | |
| Personal name | Warr, Sue |
| 9 (RLIN) | 1821 |
| 942 ## - ADDED ENTRY ELEMENTS (KOHA) | |
| Source of classification or shelving scheme | Dewey Decimal Classification |
| Koha item type | Short Loan |
| Withdrawn status | Lost status | Source of classification or shelving scheme | Damaged status | Not for loan | Home library | Current library | Date acquired | Inventory number | Total Checkouts | Full call number | Barcode | Date last seen | Price effective from | Koha item type |
|---|---|---|---|---|---|---|---|---|---|---|---|---|---|---|
| Dewey Decimal Classification | MUST Main Library | MUST Main Library | 05/11/2014 | 2000/13603 | 020 MOR 1997 | 2014-3289 | 05/11/2014 | 05/11/2014 | Short Loan |
